Princess (Record no. 1196)

MARC details
000 -LEADER
fixed length control field 01392cam a2200325 a 4500
005 - DATE AND TIME OF LATEST TRANSACTION
control field 20230824110205.0
020 ## - INTERNATIONAL STANDARD BOOK NUMBER
International Standard Book Number 9780545034586
040 ## - CATALOGING SOURCE
Original cataloging agency DLC
Transcribing agency DLC
Language of cataloging eng
050 00 - LIBRARY OF CONGRESS CALL NUMBER
Classification number PZ7.M59433
Item number Pri 2008
082 00 - DEWEY DECIMAL CLASSIFICATION NUMBER
Classification number Fic
Edition number 22
100 1# - MAIN ENTRY--PERSONAL NAME
Personal name Miles, Ellen.
245 10 - TITLE STATEMENT
Title Princess
Statement of responsibility, etc. Ellen Miles.
250 ## - EDITION STATEMENT
Edition statement First printing, March 2008
260 ## - PUBLICATION, DISTRIBUTION, ETC.
Place of publication, distribution, etc. New York :
Name of publisher, distributor, etc. Scholastic,
Date of publication, distribution, etc. 2008.
300 ## - PHYSICAL DESCRIPTION
Extent 81 pages ;
Dimensions 20 cm
Other physical details Illustrations;
490 0# - SERIES STATEMENT
Series statement The puppy place
500 ## - GENERAL NOTE
General note "Little apple."
505 ## - FORMATTED CONTENTS NOTE
Formatted contents note S <br/>
520 ## - SUMMARY, ETC.
Summary, etc. It seems like it's going to be just another normal Peterson family trip for haircuts - that is until Charles meets Princess, a spoiled but irresistible Yorkie pup. She belongs to one of the stylists but Princess's owner is moving and can't take the puppy with her. Charles volunteers to care for Princess until they find her a new home. But it doesn't take long for the Petersons to get tired of Princess's privileged ways. How will Charles ever find the right family for this high maintenance pup?
521 0# - TARGET AUDIENCE NOTE
Target audience note 760 <br/>
Source Lexile <br/>
521 1# - TARGET AUDIENCE NOTE
Target audience note S <br/>
Source Raz-Plus <br/>
650 #1 - SUBJECT ADDED ENTRY--TOPICAL TERM
Topical term or geographic name entry element Dog adoption
Form subdivision Fiction.
650 #1 - SUBJECT ADDED ENTRY--TOPICAL TERM
Topical term or geographic name entry element Yorkshire terrier
Form subdivision Fiction.
650 #1 - SUBJECT ADDED ENTRY--TOPICAL TERM
Topical term or geographic name entry element Dogs
Form subdivision Fiction.
650 #1 - SUBJECT ADDED ENTRY--TOPICAL TERM
Topical term or geographic name entry element Animals
General subdivision Infancy
Form subdivision Fiction.
906 ## - LOCAL DATA ELEMENT F, LDF (RLIN)
a 7
b cbc
c origres
d 2
e ncip
f 20
g y-gencatlg
942 ## - ADDED ENTRY ELEMENTS (KOHA)
Source of classification or shelving scheme Dewey Decimal Classification
Koha item type Books
Suppress in OPAC No
999 ## -
-- 1196
-- 1196
Holdings
Withdrawn status Lost status Source of classification or shelving scheme Damaged status Not for loan Collection Home library Current library Shelving location Date acquired Total Checkouts Full call number Barcode Date last seen Date last checked out Price effective from Koha item type
    Dewey Decimal Classification     Juvenile Fiction Footprints International School Library Network Toul Kork Campus Footprints International School Library Network Toul Kork Campus   08/08/2023 1 MIL Fic PZ7.M59433 FIS00473 01/22/2024 01/15/2024 08/08/2023 Books